000 07577namaa22004451i 4500
003 EG-GICUC
005 20260312113646.0
008 260307s2025 ua a|||frm||| 000 0 eng d
040 _aEG-GICUC
_beng
_cEG-GICUC
_dEG-GICUC
_erda
041 0 _aeng
_beng
_bara
049 _aDeposit
082 0 4 _a615.82
092 _a615.82
_221
097 _aM.Sc
099 _aCai01.21.10.M.Sc.2025.Ra.R
100 0 _aRadwa Nashaat Ansary Ibrahim,
_epreparation.
245 1 0 _aRole of lung flute in acute exacerbation of chronic bronchitis in hospitalized chronic bronchitis patients /
_cby Radwa Nashaat Ansary Ibrahim ; Supervisors Prof.Dr. Nesreen Ghareb Mohammed EL-Nahas, Prof.Dr. Reem Ibrahim Mohammed EL korashy, Prof. Asmaa Mohammed Mohammed.
246 1 5 _aدور جهاز "الفلوت الرئوي" في التفاقم الحاد لالتهاب الشعب الهوائية المزمن لدى مرضى الشعب الهوائية المزمن المقيمين بالمستشفى
264 0 _c2025.
300 _a91 pages :
_billustrations ;
_c25 cm. +
_eCD.
336 _atext
_2rda content
337 _aUnmediated
_2rdamedia
338 _avolume
_2rdacarrier
502 _aThesis (M.Sc)-Cairo University, 2025.
504 _aBibliography: pages 81-87.
520 3 _aBackground: Acute Exacerbation of Chronic Bronchitis (AECB) is a critical complication of Chronic Obstructive Pulmonary Disease (COPD), often resulting in hospitalization and impaired breathing. Mucus retention contributes to airflow limitation and reduced oxygenation. The Lung Flute, is a non-invasive Oscillatory Positive Expiratory Pressure (OPEP) device, aims to improve mucus clearance and gas exchange in lung. Aim: This study assessed the Lung Flute’s effectiveness in enhancing mucus clearance, gas exchange, and patient recovery in hospitalized AECB cases. Methods: A randomized controlled trial was conducted on 60 AECB patients (12 females and 48 males) aged 50–60 years. Patients were randomly assigned into two equal groups (n=30). Group A received Lung Flute therapy combined with breathing exercises, Group B performed breathing exercises alone. outcome measures included Arterial blood gases (ABG), Oxygen saturation (SpO₂), COPD Assessment Test (CAT) score, Duration of hospital stay, Symptom relief, pre-and post-treatment data were statistically analyzed. Results: Group A showed significantly greater improvements than Group B , pH Group A (↑0.81%) vs Group B (↑0.68%), PaO₂ Group A (↑15.88%) vs Group B (↑11.42%), PaCO₂ Group A (↑21.02%) vs Group B(↑13.52%), HCO₃ Group A (↑23.03%) vs Group B (↑12.38%), CAT Score Group A (↓51.72%) vs Group B (↓36.63%), SaO₂ Group A (↑8.07%) vs Group B (↑5.52%), Hospital stay was shorter in Group A (8.07 ± 4.58 days) than Group B (14.30 ± 4.62 days, p=0.001). Conclusion: Adding Lung Flute therapy to standard AECB care improves mucus clearance, gas exchange, and shortens hospitalization, making it an effective adjunct therapy.
520 3 _aالخلفية: يُعدّ التفاقم الحاد لالتهاب الشعب الهوائية المزمن (AECB) من المضاعفات الحرجة لمرض السدد الرئوي المزمن (COPD)، الذي غالبًا ينتج عنة الدخول للمستشفى وصعوبة التنفس. يُسهم احتباس البلغم في تقييد تدفق الهواء وانخفاض الأكسجين. يهدف جهاز "فلوت الرئة"، وهو جهاز ضغط زفير إيجابي تذبذبي (OPEP)، يهدف إلى تحسين تصفية البلغم وتحسين نتائج التنفس. الهدف: قيّمت هذه الدراسة فعالية "فلوت الرئة" في تحسين تصفية البلغم، وتحسين وظائف الرئة، وتعافي المرضى في حالات التفاقم الحاد لالتهاب الشعب الهوائية المزمن (AECB) التي تُعالج في المستشفى. الطريقة: أُجريت تجربة عشوائية مُحكمة على ٦٠ مريضًا يعانون من تضخم الرئة لانسدادي ( (AECB)١٢ أنثى و٤٨ ذكرًا) تتراوح أعمارهم بين ٥٠ و٦٠ عامًا. قُسِّم المرضى عشوائيًا إلى مجموعتين متساويتين (عدد المرضى ٣٠). تلقت المجموعة (أ) علاجًا بتقنية فلوت الرئة مع تمارين التنفس، بينما مارست المجموعة (ب) تمارين التنفس فقط. وشملت مقاييس النتائج قياس غازات الدم الشرياني (ABG)، وتشبع الأكسجين (SpO₂)، ودرجة اختبار تقييم مرض السدد الرئوي المزمن (CAT)، ومدة الإقامة في المستشفى، وتحسن الأعراض. كما تم تحليل بيانات ما قبل العلاج وما بعده إحصائيًا. النتائج: أظهرت المجموعة أ تحسينات أكبر بكثير من المجموعة ب، الرقم الهيدروجيني للمجموعة أ (↑‎٠٫٨١%) مقابل المجموعة ب (↑‎٠٫٦٨%)،وتحسن ضغط الأكسجين الجزئيPaO₂ المجموعة أ (↑‎١٥٫٨٨%) مقابل المجموعة ب (↑‎١١٫٤٢%)،وضغط ثاني أكسيد الكربونPaCO₂ المجموعة أ (↑‎٢١٫٠٢%) مقابل المجموعة ب (↑‎١٣٫٥٢%)،وبيكربونات الصوديومHCO₃ المجموعة أ (↑‎٢٣٫٠٣%) مقابل المجموعة ب (↑‎١٢٫٣٨%)، درجةمقياسCAT المجموعة أ (↓‎٥١٫٧٢%) مقابل المجموعة ب (↓‎٣٦٫٦٣%)،وتحسنت نسبة التشبع بالأكسجين SaO₂ المجموعة أ (↑‎٨٫٠٧%) مقابل المجموعة ب (↑‎٥٫٥٢%)، كانت مدة الإقامة في المستشفى أقصر بشكل ملحوظ في المجموعة أ (٨٫٠٧ ± ٤٫٥٨ يومًا) مقارنةً بالمجموعة ب (١٤٫٣٠ ± ٤٫٦٢ يومًا، p=٠٫٠٠١)، مما يدل على فعالية استخدام جهاز "لونغ فلوت" في تسريع تعافي المرضى وتقليل الحاجة للبقاء في المستشفى. الخلاصة:إن إضافة علاج جهاز "لونغ فلوت" إلى الرعاية القياسية لحالات التفاقم الحاد لالتهاب الشعب الهوائية المزمن (AECB) يُحسّن من تصفية البلغمووظائف الرئة ويُقصّر مدة الإقامة في المستشفى، مما يجعله علاجًا مساعدًا فعّالًا.
530 _aIssues also as CD.
546 _aText in English and abstract in Arabic & English.
650 0 _aPhysical Therapy
650 0 _aالعلاج الطبيعي
653 1 _aLung Flute
_aAECB
_aAirway Clearance Therapy
_aOPEP
_aCOPD
_aالفلوت الرئوي
_aالتهاب الشعب الهوائية المزمن
700 0 _aNesreen Ghareb Mohammed EL-Nahas
_ethesis advisor.
700 0 _aReem Ibrahim Mohammed EL korashy
_ethesis advisor.
700 0 _aAsmaa Mohammed Mohammed
_ethesis advisor.
900 _b01-01-2025
_cNesreen Ghareb Mohammed EL-Nahas
_cReem Ibrahim Mohammed EL korashy
_cAsmaa Mohammed Mohammed
_UCairo University
_FFaculty of Physical Therapy
_DDepartment of cardiovascular/ Respiratory Disorder and Geriatrics Physical Therapy
905 _aShimaa
_eEman Ghareb
942 _2ddc
_cTH
_e21
_n0
999 _c178920